| 000 | 00767nam a2200229 a 4500 | ||
|---|---|---|---|
| 001 | 71343 | ||
| 003 | BD-RjUL | ||
| 005 | 20211209082113.0 | ||
| 008 | 170502s1956 ii |||| ||| 00| 0 ben d | ||
| 020 | _c: Tk. 3.00 | ||
| 035 | _a(BD-RjUL)71559 | ||
| 040 |
_aBD-RjUL _bben _cBD-RjUL |
||
| 041 | _aben | ||
| 082 |
_223 _a780.954 _bMIB 1956 |
||
| 100 | 1 |
_aমিত্র, রাজ্যেশ্বর _9176612 |
|
| 245 | 1 | 0 |
_aবাংলার গীতকার / _cরাজ্যেশ্বর মিত্র |
| 260 |
_aকলিকাতা : _bমিত্রালয়, _c১৯৫৬ |
||
| 300 |
_a১৪৬ পৃ. ; _c১৯ সেমি. |
||
| 650 |
_aসঙ্গীত _zভারত _9183299 |
||
| 650 |
_aMusic _zIndia _9186569 |
||
| 942 |
_2ddc _cBK |
||
| 999 |
_c71343 _d71343 |
||